Nomeie os continentes da Copa do Mundo FIFA de 2022 - Statistics

Estatísticas Gerais
  • Esse quiz foi jogado 412 vezes
  • A pontuação média é 26 de 32
Estatísticas das Respostas
Grupos País Continente % Correto
A Senegal África
99%
A Equador América do Sul
99%
A Catar Ásia
99%
B Irã Ásia
98%
A Países Baixos Europa
98%
B Inglaterra Europa
98%
B Estados Unidos América do Norte
97%
B País de Gales Europa
97%
C Argentina América do Sul
96%
C Arábia Saudita Ásia
95%
C Polônia Europa
94%
D França Europa
94%
C México América do Norte
93%
D Dinamarca Europa
92%
D Austrália Oceania
92%
D Tunísia África
90%
E Espanha Europa
89%
E Costa Rica América do Norte / Central
83%
E Alemanha Europa
82%
E Japão Ásia
80%
F Bélgica Europa
78%
F Canadá América do Norte
74%
F Marrocos África
72%
F Croácia Europa
69%
G Brasil América do Sul
65%
G Sérvia Europa
62%
G Suíça Europa
61%
G Camarões África
58%
H Portugal Europa
56%
H Gana África
54%
H Uruguai América do Sul
49%
H Coréia do Sul Ásia
48%
Nenhum quiz correspondente encontrado
Distribuição das Pontuações
Porcentagem de Pessoas com Cada Pontuação
Percentil de Números Respondidos
Sua Pontuação Histórica
Você não jogou esse quiz